Дело о доставлении в Сенатскую типографию копии со свидетельства о службе печатника Фридриха Винка, служившего при Театральной т...

Доступно только в Электронных читальных залах Найти на картеНа карте
RUSMARC
00004037nmc2a22000003x 450
0016d895f88-02c8-43e0-8983-d21bc21ff8bc
00520181009102216.0
100##$a20161219l18201820k l0rusy0189 ca
1010#$arus
102##$aRU
2001#$aДело о доставлении в Сенатскую типографию копии со свидетельства о службе печатника Фридриха Винка, служившего при Театральной типографии
$j21-25 января 1820 г.
251##$cДело
300##$aДело
300##$aОриг. заголовок дела: Дело по отношению Конторы Сенатской типографии о печатнике Винке. 21 января 1820 г. - 25 января 1820 г
801#0$aRU
$bРГИА
$c20161219
$gRCR
801#1$aRU
$bГлавНИВЦ
$c20161219
$2rusmarc
801#2$aRU
$bПБ им. Б.Н. Ельцина
$c20181009
$gRCR
$2rusmarc
850##$aРГИА
852##$aРГИА
$eФедеральное казенное учреждение "Российский государственный исторический архив" (РГИА)
$j2028
937##$hРГИА
$d12234935
$aASBIBLIO_SCAN
462#0$1001dd3991dc-24e1-42ec-8838-ca4255420416
$12001
$a1746-1850 гг.
$1251
$cОпись
$1852
$j1
461#0$10019264ebf8-de62-4f1a-9eb4-9f22098dbbd5
$12001
$aДирекция императорских театров МИДв
$1251
$cФонд
$1852
$j497
215##$a5 л.
$d36,5х26 см
371##$aДокумент не является опубликованным и широко распространяемым
105##$ay###
1222#$ad
5171#$aДело по отношению Конторы Сенатской типографии о печатнике Винке. 21 января 1820 г. - 25 января 1820 г
035##$a6d895f88-02c8-43e0-8983-d21bc21ff8bc
856##$uhttp://readingroom.main.prlib.ru/item.aspx?id_node=n119048559&mode=full
Формат отображения